[Event "Oravska Priehrada op"]
[Site "Oravska Priehrada"]
[Date "2016.08.27"]
[Round "3"]
[White "Stevlik, Richard"]
[Black "Grznar, Jakub"]
[Result "1-0"]
[WhiteElo "1506"]
[BlackElo "1412"]
[PlyCount "120"]
[EventDate "2016.08.26"]
[EventType "swiss"]
[EventRounds "7"]
[EventCountry "SVK"]
[SourceTitle "CBM 174 Extra"]
[Source "ChessBase"]
[SourceDate "2016.10.10"]
[SourceVersion "1"]
[SourceVersionDate "2016.10.10"]
[SourceQuality "1"]

1. e4 e5 2. Nc3 Nf6 3. Nf3 Nc6 4. Nxe5 Nxe4 5. Nxe4 Nxe5 6. d4 Ng6 7. Bd3 d5 8. Ng3 Qe7+ 9. Qe2 Be6 10. 0-0 0-0-0 11. Re1 c5 12. Be3 c4 13. Bf5 Nh4 14. Bxe6+ fxe6 15. Qd2 h6 16. b3 Qa3 17. Qc1 Qa6 18. Bd2 g5 19. Qb2 Re8 20. Rab1 Rh7 21. Re3 Rc7 22. bxc4 dxc4 23. Rc3 Rd8 24. Be3 Qc6 25. f3 g4 26. Rf1 gxf3 27. gxf3 Nxf3+ 28. Kf2 Rf7 29. Ke2 Nxd4+ 30. Bxd4 Rxf1 31. Nxf1 Rxd4 32. Rf3 Re4+ 33. Ne3 Bc5 34. Qh8+ Kd7 35. Rf7+ Be7 36. Qh7 Rxe3+ 37. Kxe3 Qc5+ 38. Ke2 c3 39. Qxh6 Qc4+ 40. Kf2 Qxa2 41. Qh7 Qa3 42. Qd3+ Ke8 43. Rf3 Bb4 44. Qb5+ Kd8 45. Qxb7 Bc5+ 46. Ke2 Be7 47. Qb8+ Kd7 48. Rd3+ Bd6 49. Qb5+ Kd8 50. Qg5+ Kd7 51. Qg7+ Kd8 52. Rxc3 Qa6+ 53. Rd3 Qc4 54. Qf8+ Kd7 55. Qxd6+ Kc8 56. Kd2 Qb5 57. Qd8+ Kb7 58. Rb3 Qxb3 59. cxb3 e5 60. Kc3 a6 1-0